000 00312nam a2200121Ia 4500
008 240731s9999 xx 000 0 und d
022 _a1745-2767
245 0 _aVirtual and Physical Prototyping
260 _bTaylor & Francis
856 _uhttps://www.tandfonline.com/loi/nvpp20
942 _2ddc
942 _cTFEJ
999 _c80250
_d80250
945 _a1
_bMadushi Gamage
_c1
_dMadushi Gamage